| 000 | 07704nam a22013337a 4500 | ||
|---|---|---|---|
| 003 | CHAP | ||
| 005 | 20220817042904.0 | ||
| 008 | 971013s r 00010 d | ||
| 010 | _a58922 | ||
| 011 | _a59894 | ||
| 035 | _a64054 | ||
| 040 | _cCHAP | ||
| 082 |
_a630.972 _bM47 |
||
| 110 |
_aMéxico. _bSecretaría de Agricultura y Recursos Hidráulicos _976864 |
||
| 245 | _aPlan de desarrollo agropecuario y forestal. 1982-1988 | ||
| 260 |
_aMéxico, D.F. : _bLa Secretaría |
||
| 300 | _a55 v. | ||
| 500 | _aLa biblioteca tiene: Aguascalientes (2v).- Baja California (2v.).- Baja California Sur.- Campeche (2v).- Coahuila (2v).- Colima (2v).- Chiapas (2v).- Chihuahua.- Durango (3v).- Guanajuato.- Guerrero.- Hidalgo (2v).- Jalisco (2v).- México (Edo.) (2v).- | ||
| 590 |
_aBATCH-UPD _b10 _c20130110 _lUCH01 _h0010 |
||
| 590 |
_aBATCH-UPD _b10 _c20130110 _lUCH01 _h0409 |
||
| 590 |
_aBATCH-UPD _b10 _c20130409 _lUCH01 _h1947 |
||
| 590 |
_aBATCH-UPD _b10 _c20130410 _lUCH01 _h0802 |
||
| 590 |
_aBATCH-UPD _b10 _c20130914 _lUCH01 _h1928 |
||
| 590 |
_aCONVERSION _b10 _c20130109 _lUCH01 _h1332 |
||
| 650 | 1 | 4 |
_aPolítica agrícola _xAguascalientes. _990285 |
| 650 | 1 | 4 |
_aPolítica agrícola _xBaja California Sur. _990290 |
| 650 | 1 | 4 |
_aPolítica agrícola _xBaja California. _990289 |
| 650 | 1 | 4 |
_aPolítica agrícola _xCampeche. _990295 |
| 650 | 1 | 4 |
_aPolítica agrícola _xChiapas. _990298 |
| 650 | 1 | 4 |
_aPolítica agrícola _xChihuahua. _990299 |
| 650 | 1 | 4 |
_aPolítica agrícola _xCoahuila. _990302 |
| 650 | 1 | 4 |
_aPolítica agrícola _xColima. |
| 650 | 1 | 4 |
_aPolítica agrícola _xDurango. _990313 |
| 650 | 1 | 4 |
_aPolítica agrícola _xGuanajuato. _990321 |
| 650 | 1 | 4 |
_aPolítica agrícola _xGuerrero. _990323 |
| 650 | 1 | 4 |
_aPolítica agrícola _xJalisco. _990330 |
| 650 | 1 | 4 |
_aPolítica agrícola _xMichoacán. _990336 |
| 650 | 1 | 4 |
_aPolítica agrícola _xMorelos. _990337 |
| 650 | 1 | 4 |
_aPolítica agrícola _xNayarit. _990339 |
| 650 | 1 | 4 |
_aPolítica agrícola _xNuevo León. _990343 |
| 650 | 1 | 4 |
_aPolítica agrícola _xPuebla. _990353 |
| 650 | 1 | 4 |
_aPolítica agrícola _xQuerétaro. _990354 |
| 650 | 1 | 4 |
_aPolítica agrícola _xQuintana Roo. _990355 |
| 650 | 1 | 4 |
_aPolítica agrícola _xSan Luis Potosí. _990359 |
| 650 | 1 | 4 |
_aPolítica agrícola _xSinaloa. _990361 |
| 650 | 1 | 4 |
_aPolítica agrícola _xSonora. _990362 |
| 650 | 1 | 4 |
_aPolítica agrícola _xTabasco. _990365 |
| 650 | 1 | 4 |
_aPolítica agrícola _xTamaulipas. _990366 |
| 650 | 1 | 4 |
_aPolítica agrícola _xTlaxcala. _990367 |
| 650 | 1 | 4 |
_aPolítica agrícola _xVeracruz. _990375 |
| 650 | 1 | 4 |
_aPolítica agrícola _xYucatán. _990376 |
| 650 | 1 | 4 |
_aPolítica agrícola _xZacatecas. _990378 |
| 650 | 1 | 4 |
_aPolítica agrícola _zHidalgo. _990384 |
| 650 | 1 | 4 |
_aPolítica agrícola _zMéxico (Edo.). _990387 |
| 650 | 1 | 4 |
_aPolítica agrícola _zMéxico. |
| 650 | 1 | 4 |
_aPolítica agrícola _zOaxaca. _990388 |
| 901 | _aBK | ||
| 942 | _cLIBRO | ||
| 949 |
_a630.972 M47 1982-88 _bBC _cC _d-153191 _eC _fOax. v.2 _i64054 _si |
||
| 949 |
_a630.972 M47 1982-88 _bBC _cC _d-153192 _eC _fTab. v.1 _i64054 _si |
||
| 949 |
_a630.972 M47 1982-88 _bBC _cC _d33724000568085 _eC _fN.L. v.2 _h57535 _i64054 _si |
||
| 949 |
_a630.972 M47 1982-88 _bBC _cC _d33724000568101 _eC _fAgs. v.2 _h57503 _i64054 _si |
||
| 949 |
_a630.972 M47 1982-88 _bBC _cC _d33724000568184 _eC _fB.C.S. _h57506 _i64054 _si |
||
| 949 |
_a630.972 M47 1982-88 _bBC _cC _d33724000568192 _eC _fSon. v.1 _h57545 _i64054 _si |
||
| 949 |
_a630.972 M47 1982-88 _bBC _cC _d33724000568200 _eC _fNay. v.3 _h57533 _i64054 _si |
||
| 949 |
_a630.972 M47 1982-88 _bBC _cC _d33724000644266 _eC _fDgo. v.2 _h57517 _i64054 _si |
||
| 949 |
_a630.972 M47 1982-88 _bBC _cC _d33724000644332 _eC _fQro. v.2 _h57540 _i64054 _si |
||
| 949 |
_a630.972 M47 1982-88 _bBC _cC _d33724000644530 _eC _fOax. v.2 _h57537 _i64054 _si |
||
| 949 |
_a630.972 M47 1982-88 _bBC _cC _d33724000644548 _eC _fSon. v.2 _h57546 _i64054 _si |
||
| 949 |
_a630.972 M47 1982-88 _bBC _cC _d33724000644555 _eC _fCoah. v.2 _h57510 _i64054 _si |
||
| 949 |
_a630.972 M47 1982-88 _bBC _cC _d33724000644563 _eC _fMich. v.2 _h57528 _i64054 _si |
||
| 949 |
_a630.972 M47 1982-88 _bBC _cC _d33724000644571 _eC _fDgo. v.3 _h57518 _i64054 _si |
||
| 949 |
_a630.972 M47 1982-88 _bBC _cC _d33724000644589 _eC _fB.C.N. v.2 _h57505 _i64054 _si |
||
| 949 |
_a630.972 M47 1982-88 _bBC _cC _d33724000644597 _eC _fZac. v.1 _h57554 _i64054 _si |
||
| 949 |
_a630.972 M47 1982-88 _bBC _cC _d33724000644605 _eC _fChih. _h57515 _i64054 _si |
||
| 949 |
_a630.972 M47 1982-88 _bBC _cC _d33724000644621 _eC _fHgo. v.1 _h57521 _i64054 _si |
||
| 949 |
_a630.972 M47 1982-88 _bBC _cC _d33724000644639 _eC _fN.L. v.1 _h57534 _i64054 _si |
||
| 949 |
_a630.972 M47 1982-88 _bBC _cC _d33724000644647 _eC _fCamp. v.2 _h56508 _i64054 _si |
||
| 949 |
_a630.972 M47 1982-88 _bBC _cC _d33724000644662 _eC _fJal. v.1 _h57523 _i64054 _si |
||
| 949 |
_a630.972 M47 1982-88 _bBC _cC _d33724000644670 _eC _fJal. v.2 _h57524 _i64054 _si |
||
| 949 |
_a630.972 M47 1982-88 _bBC _cC _d33724000644688 _eC _fQ.R. _h57541 _i64054 _si |
||
| 949 |
_a630.972 M47 1982-88 _bBC _cC _d33724000644704 _eC _fM�x. (Edo.) v.2 _h57526 _i64054 _si |
||
| 949 |
_a630.972 M47 1982-88 _bBC _cC _d33724000644712 _eC _fVer. _h57552 _i64054 _si |
||
| 949 |
_a630.972 M47 1982-88 _bBC _cC _d33724000644720 _eC _fQro. v.1 _h57539 _i64054 _si |
||
| 949 |
_a630.972 M47 1982-88 _bBC _cC _d33724000645214 _eC _fTlax. v.1 _h57550 _i64054 _si |
||
| 949 |
_a630.972 M47 1982-88 _bBC _cC _d33724000645230 _eC _fTamps. _h57547 _i64054 _si |
||
| 949 |
_a630.972 M47 1982-88 _bBC _cC _d33724000645248 _eC _fCol. v.2 _h57511 _i64054 _si |
||
| 949 |
_a630.972 M47 1982-88 _bBC _cC _d33724000645255 _eC _fSin. _h57544 _i64054 _si |
||
| 949 |
_a630.972 M47 1982-88 _bBC _cC _d33724000645289 _eC _fGto. _h57519 _i64054 _si |
||
| 949 |
_a630.972 M47 1982-88 _bBC _cC _d33724000645297 _eC _fAgs. v.1 _h57502 _i64054 _si |
||
| 949 |
_a630.972 M47 1982-88 _bBC _cC _d33724000645305 _eC _fDgo. v.1 _h57516 _i64054 _si |
||
| 949 |
_a630.972 M47 1982-88 _bBC _cC _d33724000645313 _eC _fMor. v.2 _h57530 _i64054 _si |
||
| 949 |
_a630.972 M47 1982-88 _bBC _cC _d33724000645339 _eC _fMor. v.1 _h57529 _i64054 _si |
||
| 949 |
_a630.972 M47 1982-88 _bBC _cC _d33724000645347 _eC _fNay. v.2 _h57532 _i64054 _si |
||
| 949 |
_a630.972 M47 1982-88 _bBC _cC _d33724000645354 _eC _fTlax. v.2 _h57551 _i64054 _si |
||
| 949 |
_a630.972 M47 1982-88 _bBC _cC _d33724000645370 _eC _fCol. v.1 _h57511 _i64054 _si |
||
| 949 |
_a630.972 M47 1982-88 _bBC _cC _d33724000645388 _eC _fChis. v.2 _h57514 _i64054 _si |
||
| 949 |
_a630.972 M47 1982-88 _bBC _cC _d33724000645396 _eC _fNay. v.1 _h57531 _i64054 _si |
||
| 949 |
_a630.972 M47 1982-88 _bBC _cC _d33724000645404 _eC _fM�x. (Edo.) v.1 _h57525 _i64054 _si |
||
| 949 |
_a630.972 M47 1982-88 _bBC _cC _d33724000645412 _eC _fHgo. v.2 _h57522 _i64054 _si |
||
| 949 |
_a630.972 M47 1982-88 _bBC _cC _d33724000645420 _eC _fGro. _h57520 _i64054 _si |
||
| 949 |
_a630.972 M47 1982-88 _bBC _cC _d33724000645446 _eC _fCamp. v.1 _h56507 _i64054 _si |
||
| 949 |
_a630.972 M47 1982-88 _bBC _cC _d33724000920468 _eC _fPue. _h57538 _i64054 _si |
||
| 949 |
_a630.972 M47 1982-88 _bBC _cC _d33724000920526 _eC _fMich. v.1 _h57527 _i64054 _si |
||
| 949 |
_a630.972 M47 1982-88 _bBC _cC _d33724002009074 _eC _fYuc. _h57553 _i64054 _si |
||
| 949 |
_a630.972 M47 1982-88 _bBC _cC _d33724002009272 _eC _fS.L.P. v.1 _h57542 _i64054 _si |
||
| 949 |
_a630.972 M47 1982-88 _bBC _cC _d33724002021371 _eC _fTab. v.1 _h57548 _i64054 _si |
||
| 949 |
_a630.972 M47 1982-88 _bBC _cMUT _d-138899 _eMUT _fB.C.N. v.1 _h57504 _i64054 _si |
||
| 949 |
_a630.972 M47 1982-88 _bBC _cMUT _d-153190 _eMUT _fOax. v.1 _i64054 _si |
||
| 949 |
_a630.972 M47 1982-88 _bBC _cMUT _d-153193 _eMUT _fTab. v.2 _i64054 _si |
||
| 949 |
_a630.972 M47 1982-88 _bBC _cMUT _d-153503 _eMUT _fS.L.P. v.2 _i64054 _si |
||
| 949 |
_a630.972 M47 1982-88 _bBC _cMUT _d-153504 _eMUT _fChis. v.1 _i64054 _si |
||
| 949 |
_a630.972 M47 1982-88 _bBC _cMUT _d33724000645271 _eMUT _fCoah. v.1 _h57509 _i64054 _si |
||
| 999 |
_c58922 _d58922 |
||